Apophoreta Philologica: A sodalibvs oblata, Pars prior
Gorde:
| Egile nagusia: | |
|---|---|
| Formatua: | Liburua |
| Hizkuntza: | Undetermined |
| Argitaratua: |
Madrid, España
Europa Artes Gráficas
1984
|
| Gaiak: | |
| Etiketak: |
Etiketa erantsi
Etiketarik gabe, Izan zaitez lehena erregistro honi etiketa jartzen!
|
MARC
| LEADER | 00000nam a2200000Ia 4500 | ||
|---|---|---|---|
| 008 | 170316s9999 xx 000 0 und d | ||
| 090 | |a 410 F-2a | ||
| 100 | |a Fernández-Galiano, Emmanueli | ||
| 245 | |a Apophoreta Philologica: A sodalibvs oblata, Pars prior | ||
| 260 | |a Madrid, España | ||
| 260 | |b Europa Artes Gráficas | ||
| 260 | |c 1984 | ||
| 300 | |a 450 páginas Estudios Clásicos N° 87 | ||
| 650 | |a LINGÜÍSTICA | ||
| 999 | |c 18367 |d 18367 | ||
| 040 | |a cru BVZT | ||
| 942 | |c 15 D |h 410 F-2a |2 z | ||
